| 000 -LEADER |
| fixed length control field |
00518cam a22001577a 4500 |
| 008 - FIXED-LENGTH DATA ELEMENTS--GENERAL INFORMATION |
| fixed length control field |
180718b1989 xxu||||| |||| 00| 0 eng d |
| 082 ## - DEWEY DECIMAL CLASSIFICATION NUMBER |
| Classification number |
F5x5413 T326/pt.2 |
| 100 ## - MAIN ENTRY--PERSONAL NAME |
| Personal name |
Thakur, R.N. |
| 245 ## - TITLE STATEMENT |
| Title |
Sociology of the administrative elite |
| Statement of responsibility, etc. |
by R.N. Thakur |
| 260 ## - PUBLICATION, DISTRIBUTION, ETC. |
| Place of publication, distribution, etc. |
New Delhi |
| Name of publisher, distributor, etc. |
Achives Books |
| Date of publication, distribution, etc. |
1989 |
| 300 ## - PHYSICAL DESCRIPTION |
| Extent |
202p |
| 650 ## - SUBJECT ADDED ENTRY--TOPICAL TERM |
| Topical term or geographic name entry element |
India --Officials and employees |
| 650 ## - SUBJECT ADDED ENTRY--TOPICAL TERM |
| Topical term or geographic name entry element |
Bihar (India) --Officials and employees |
| 650 ## - SUBJECT ADDED ENTRY--TOPICAL TERM |
| Topical term or geographic name entry element |
Elite (Social sciences) --India |
| 650 ## - SUBJECT ADDED ENTRY--TOPICAL TERM |
| Topical term or geographic name entry element |
Elite (Social sciences) --India --Bihar |